Zákon o dani z pridanej hodnoty - výklad
Záverečná časť seriálu Leader - výklad zákona NR SR č. 200/1996 Z. z. o dani z pridanej hodnoty. Predmet dane. Platitelia dane a ich registrácia. Základ dane, jej sadzba a výpočet. Uskutočnenie zdaniteľného plnenia, vznik daňovej povinnosti a vystavovanie daňových dokladov. Odpočet dane. Oslobodenie...
Gespeichert in:
| 1. Verfasser: | |
|---|---|
| Format: | Buchkapitel |
| Sprache: | Slowakisch |
| Schlagworte: | |
| Tags: |
Keine Tags, Fügen Sie das erste Tag hinzu!
|
MARC
| LEADER | 00000naa a2200000 4500 | ||
|---|---|---|---|
| 001 | r021783 | ||
| 005 | 20230801105258.8 | ||
| 041 | 0 | |a slo | |
| 044 | |a SK | ||
| 245 | 1 | 0 | |a Zákon o dani z pridanej hodnoty - výklad |c Ľudovít Rybánsky |
| 520 | |a Záverečná časť seriálu Leader - výklad zákona NR SR č. 200/1996 Z. z. o dani z pridanej hodnoty. Predmet dane. Platitelia dane a ich registrácia. Základ dane, jej sadzba a výpočet. Uskutočnenie zdaniteľného plnenia, vznik daňovej povinnosti a vystavovanie daňových dokladov. Odpočet dane. Oslobodenie od dane. Vývoz tovaru. Zdaňovacie obdobie a správa dane v tuzemsku. K uplatňovaniu dane pri dovoze. | ||
| 610 | 2 | 0 | |a Slovensko |
| 610 | 2 | 0 | |a 1995 |
| 610 | 2 | 0 | |a 1996 |
| 610 | 2 | 0 | |a zákony |
| 610 | 2 | 0 | |a dane z hodnoty pridanej |
| 100 | 1 | |a Rybánsky, Ľudovít | |